Accounting information systems

Đã lưu trong:
Sonraí Bibleagrafaíochta
Príomhúdar: Romney, Marshall B.
Formáid: Leabhar
Teanga:Undetermined
Foilsithe: Upper Saddle River, N.J. Pearson Prentice Hall c2006
Ábhair:
Clibeanna: Cuir Clib Leis
Gan Chlibeanna, Bí ar an gcéad duine leis an taifead seo a chlibeáil!
Thư viện lưu trữ: Trung tâm Học liệu Trường Đại học Cần Thơ
LEADER 00675nam a2200205Ia 4500
001 CTU_180000
008 210402s9999 xx 000 0 und d
020 |c 320000 
082 |a 657.0285 
082 |b R766 
100 |a Romney, Marshall B. 
245 0 |a Accounting information systems 
245 0 |c Marshall B. Romney, Paul John Steinbart 
260 |a Upper Saddle River, N.J. 
260 |b Pearson Prentice Hall 
260 |c c2006 
650 |a Accounting,Information storage and retrieval systems |,Kế toán 
650 |x Data processing,Accounting,Xử lý dữ liệu 
910 |a Nguyên 
980 |a Trung tâm Học liệu Trường Đại học Cần Thơ